Les verbes - Statistiques

Statistiques générales
  • Ce quiz a été pris 37 fois
    24 depuis la dernière actualisation
  • Le résultat moyen est 21 sur 63
Statistiques - réponses
Hint Réponse % Correct
avoir - il a
89%
avoir - tu as
67%
mettre - nous mettons
67%
être - vous êtes
61%
lire - elles lisent
61%
aller - je vais
61%
voir - je vois
61%
voir - tu vois
61%
aller - nous allons
56%
lire -il lit
56%
mettre - il met
56%
mettre - je mets
56%
mettre - tu mets
56%
mettre - elles mettent
56%
motiver - vous motivez
56%
savoir - tu sais
56%
être - elles sont
50%
voir - il voit
50%
lire - vous lisez
44%
motiver - il motive
44%
avoir - elles ont
44%
voir - vous voyez
44%
aller - vous allez
39%
faire - tu fais
39%
faire - nous faisons
39%
lire - tu lis
39%
savoir - vous savez
39%
aller - tu vas
39%
être - il est
33%
savoir - je sais
33%
savoir - elles savent
33%
être - nous sommes
33%
avoir - vous avez
28%
faire - je fais
28%
lire - je lis
28%
lire - nous lisons
28%
voir - nous voyons
28%
être - tu es
22%
faire - il fait
22%
faire - vous faites
22%
être - je suis
22%
aller - il va
22%
voir - elles voient
22%
avoir - je ai
17%
avoir - nous avons
17%
mettre - vous mettez
17%
motiver - je motive
17%
motiver - elles motivent
17%
motiver - tu motives
17%
motiver - nous motivons
17%
savoir - il sait
17%
savoir - nous savons
17%
faire - elles font
11%
aller - elles vont
11%
être participe passé avoir été
0%
avoir participe passé avoir eu
0%
faire participe passé avoir fait
0%
lire participe passé avoir lu
0%
mettre participe passé avoir mis
0%
motiver participe passé avoir motivé
0%
savoir participe passé avoir su
0%
voir participe passé avoir vu
0%
aller participe passé être allé
0%
Aucun quiz correspondant
Distribution des résultats
% des personnes avec chaque résultat
Percentile par nombre de réponses
Votre historique - résultats
Vous n’avez pas pris ce quiz depuis la dernière actualisation